| 000 | 00829nam a22001817a 4500 | ||
|---|---|---|---|
| 008 | 100623s1997 ae|||||r|||| 000 0 ara d | ||
| 020 | _a9961720105 | ||
| 082 |
_222 _a338.272820965 _bم ا ل |
||
| 100 |
_915112 _aمالطي، حسن |
||
| 245 |
_aالنفط الأحمر / _cحسين مالطي؛ ترجمة مصطفاي جنيدي |
||
| 260 |
_a[الجزائر] : _bمارينور، [1997?] _c[1997?] |
||
| 300 |
_a473 ص ؛ _c23 سم |
||
| 650 |
_915114 _aالبترول _zالجزائر _xصناعات |
||
| 650 |
_915116 _aالبترول _xاقتصاديات _zالجزائر |
||
| 700 |
_915115 _aجنيدي، مصطفاي |
||
| 942 |
_2ddc _cBB |
||
| 999 |
_c14183 _d14183 |
||